000 00420nam a2200145Ia 4500
008 230917s9999||||xx |||||||||||||| ||und||
040 _e131159
_aMAIN
041 _aEnglish
082 _a954.01 A55S
100 _aAnita Rani
245 0 _aStudy of socio-economic status of trading and manufacturing communities in ancient Indian society 200 BC to 300 AD
260 _aRohtak
_c2008
300 _a194 p.
942 _cTH
999 _c124909
_d124909